|
|
|
|
| LEADER |
00000cam a2200000 c 4500 |
| 001 |
278616437 |
| 003 |
DE-627 |
| 005 |
20250829233121.0 |
| 007 |
tu |
| 008 |
940915s1994 gw ||||| 00| ||ger c |
| 015 |
|
|
|a 95,B14,0064
|2 dnb
|
| 016 |
7 |
|
|a 943675480
|2 DE-101
|
| 020 |
|
|
|a 3928794140
|9 3-928794-14-0
|
| 035 |
|
|
|a (DE-627)278616437
|
| 035 |
|
|
|a (DE-576)041034503
|
| 035 |
|
|
|a (DE-599)GBV278616437
|
| 035 |
|
|
|a (OCoLC)246790974
|
| 035 |
|
|
|a (OCoLC)69191136
|
| 040 |
|
|
|a DE-627
|b ger
|c DE-627
|e rakwb
|
| 041 |
|
|
|a ger
|
| 044 |
|
|
|c XA-DE
|
| 084 |
|
|
|a 14
|a 16
|2 sdnb
|
| 084 |
|
|
|a 14
|2 sdnb
|
| 084 |
|
|
|a 27
|2 ssgn
|
| 084 |
|
|
|a MS 3550
|2 rvk
|0 (DE-625)rvk/123684:
|
| 084 |
|
|
|a 71.63
|2 bkl
|
| 245 |
0 |
0 |
|a Aspekte der Minderheiten- und Volksgruppenpolitik
|b eine Ringvorlesung der Christian-Albrechts-Universität zu Kiel und des Schleswig-Holsteinischen Landtages im Wintersemester 1993/94
|
| 264 |
|
1 |
|a Kiel
|b Rektorat der Univ. [u.a.]
|c 1994
|
| 264 |
|
1 |
|a Kiel
|b Schleswig-Holsteinischer Landtag
|c 1994
|
| 300 |
|
|
|a 122 S.
|b Kt
|
| 336 |
|
|
|a Text
|b txt
|2 rdacontent
|
| 337 |
|
|
|a ohne Hilfsmittel zu benutzen
|b n
|2 rdamedia
|
| 338 |
|
|
|a Band
|b nc
|2 rdacarrier
|
| 500 |
|
|
|a Literaturangaben
|
| 583 |
1 |
|
|a Archivierung prüfen
|c 20240324
|f DE-4165
|z 1
|2 pdager
|
| 583 |
1 |
|
|a Archivierung/Langzeitarchivierung gewährleistet
|f PESH
|x XA-DE-SH
|2 pdager
|5 DE-68
|
| 655 |
|
7 |
|a Aufsatzsammlung
|0 (DE-588)4143413-4
|0 (DE-627)105605727
|0 (DE-576)209726091
|2 gnd-content
|
| 689 |
0 |
0 |
|d g
|0 (DE-588)4011882-4
|0 (DE-627)104704861
|0 (DE-576)208896155
|a Deutschland
|2 gnd
|
| 689 |
0 |
1 |
|d s
|0 (DE-588)4039409-8
|0 (DE-627)104117338
|0 (DE-576)209034890
|a Nationale Minderheit
|2 gnd
|
| 689 |
0 |
|
|5 (DE-627)
|
| 689 |
1 |
0 |
|d g
|0 (DE-588)4106692-3
|0 (DE-627)104529253
|0 (DE-576)209416785
|a Schleswig
|2 gnd
|
| 689 |
1 |
1 |
|d s
|0 (DE-588)4039409-8
|0 (DE-627)104117338
|0 (DE-576)209034890
|a Nationale Minderheit
|2 gnd
|
| 689 |
1 |
2 |
|d s
|0 (DE-588)4010878-8
|0 (DE-627)104598824
|0 (DE-576)208890653
|a Dänen
|2 gnd
|
| 689 |
1 |
|
|5 (DE-627)
|
| 689 |
2 |
0 |
|d s
|0 (DE-588)4170001-6
|0 (DE-627)105405663
|0 (DE-576)209926848
|a Minderheitenpolitik
|2 gnd
|
| 689 |
2 |
|
|5 (DE-627)
|
| 700 |
1 |
|
|8 1\p
|a Fischer, Rolf
|d 1954-
|e Red.
|0 (DE-588)142594490
|0 (DE-627)637310578
|0 (DE-576)33226971X
|4 adp
|
| 710 |
2 |
|
|a Christian-Albrechts-Universität zu Kiel
|0 (DE-588)2024175-6
|0 (DE-627)102155607
|0 (DE-576)191768057
|4 oth
|
| 710 |
2 |
|
|a Schleswig-Holstein
|b Schleswig-Holsteinischer Landtag
|0 (DE-588)2027483-X
|0 (DE-627)102263507
|0 (DE-576)191795550
|4 oth
|
| 883 |
|
|
|8 1\p
|a cgwrk
|d 20241001
|q DE-101
|u https://d-nb.info/provenance/plan#cgwrk
|
| 889 |
|
|
|w (DE-627)183300343
|
| 935 |
|
|
|i mdedup
|
| 935 |
|
|
|i Blocktest
|
| 936 |
r |
v |
|a MS 3550
|b Ausländer, Arbeitsmigrant
|k Soziologie
|k Spezielle Soziologien
|k Soziologie der Minoritäten und Randgruppen
|k Ausländer, Arbeitsmigrant
|0 (DE-627)1271086611
|0 (DE-625)rvk/123684:
|0 (DE-576)201086611
|
| 936 |
b |
k |
|a 71.63
|j Minderheitenproblem
|0 (DE-627)10641223X
|
| 951 |
|
|
|a BO
|
| ELC |
|
|
|b 1
|
| LOK |
|
|
|0 000 xxxxxcx a22 zn 4500
|
| LOK |
|
|
|0 001 3263581406
|
| LOK |
|
|
|0 003 DE-627
|
| LOK |
|
|
|0 004 278616437
|
| LOK |
|
|
|0 005 20151116135201
|
| LOK |
|
|
|0 008 150728||||||||||||||||ger|||||||
|
| LOK |
|
|
|0 035
|a (DE-21-110)kd49201
|
| LOK |
|
|
|0 040
|a DE-21-110
|c DE-627
|d DE-21-110
|
| LOK |
|
|
|0 689
|a s
|a Minderheitenschutz
|
| LOK |
|
|
|0 852
|z Kein Bestand am IfK; Nachweis für KrimDok
|
| LOK |
|
|
|0 852
|a DE-21-110
|
| LOK |
|
|
|0 852 1
|9 00
|
| LOK |
|
|
|0 935
|a k110
|
| LOK |
|
|
|0 939
|a 28-07-15
|b l01
|
| ORI |
|
|
|a SA-MARC-krimdoka001.raw
|
| TIM |
|
|
|a 100019901003_100020261231
|b 1990-10-03 - 2026
|